| 000 | 00368nam a2200145Ia 4500 | ||
|---|---|---|---|
| 008 | 230917s9999||||xx |||||||||||||| ||und|| | ||
| 040 |
_e140323 _aMAIN |
||
| 041 | _aEnglish | ||
| 082 | _a810.9 P273S | ||
| 100 | _aPatil, Mallikarjun | ||
| 245 | 0 | _aStudies in American literature | |
| 260 |
_aNew Delhi _bAtlantic Publishers _c2009 |
||
| 300 | _a229 p. | ||
| 942 | _cBK | ||
| 999 |
_c148283 _d148283 |
||